01018nas a22002297a 450000500170000000700150001700800410003203500090007304000090008209000150009124500610010625600240016726000300019130000280022150602850024965000310053474000400056585600610060594200080066695200950067499900190076920240305165351.0cr|||| |||| 111129c20119999au |||| s|||| 0|||a1eng d a1917 avLex c2807d280700aAustria Law Articles in Englishh[Recurso electrónico] aServicio en línea a[s.l.] :bMondaq,c2001 - a1 recurso electrónico1 aContenido solo disponible en los productos indicadosdvLex Global dvLex Global (Academic Edition, excluding Law Schools) dvLex Global (U.S. Academic Edition, Law Schools) dvLex Global (U.S. Academic Edition, excluding Law Schools) dvLex Global (Academic Edition, Law Schools) 04aDerechovRevistaszAustria0 avLex Revistas (Servicio en línea)40uhttps://app.vlex.com/#/sources/austria-law-articles-1917 cRAA 001040708VLEX9319239aBD-UINbBD-UINd2024-03-05l0p1917r2024-03-05w2024-03-05yRAA c161226d161226